पेड़ / (Record no. 54572)
[ view plain ]
| 000 -LEADER | |
|---|---|
| fixed length control field | 02385nam a22003377a 4500 |
| 005 - DATE AND TIME OF LATEST TRANSACTION | |
| control field | 20110729164238.0 |
| 010 ## - LCCN (DPL NO) | |
| LC control number | B-436158-162 |
| 020 ## - INTERNATIONAL STANDARD BOOK NUMBER | |
| Terms of availability | 20.00 |
| International Standard Book Number | 8182632218 |
| 035 ## - SYSTEM CONTROL NUMBER | |
| System control number | B-436158-162 |
| 037 ## - SOURCE OF ACQUISITION | |
| Source of stock number/acquisition | ब्लयूबेरी बुक्स |
| 082 ## - DEWEY DECIMAL CLASSIFICATION NUMBER | |
| Classification number | क |
| 100 ## - MAIN ENTRY--PERSONAL NAME | |
| Personal name | राणे, ऊषा |
| 245 ## - TITLE STATEMENT | |
| Title | पेड़ / |
| Statement of responsibility, etc | ऊषा राणे; केतन राउत द्वारा चित्रांकित; मनीषा चौधरी द्वारा अनुदित |
| 250 ## - EDITION STATEMENT | |
| Edition statement | 3रा संस्क. |
| 260 ## - PUBLICATION, DISTRIBUTION, ETC. (IMPRINT) | |
| Place of publication, distribution, etc | नई दिल्ली |
| Name of publisher, distributor, etc | प्रथम बुक्स |
| Date of publication, distribution, etc | 2009 |
| 270 ## - ADDRESS | |
| City | नई दिल्ली |
| Telephone number | 011-26182683 |
| Fax number | |
| Electronic mail address | |
| 300 ## - PHYSICAL DESCRIPTION | |
| Extent | 24पृ.; |
| Dimensions | 20सेमी (अजिल्द) |
| Other physical details | सचित्र |
| 490 ## - SERIES STATEMENT | |
| Series statement | |
| -- | 31235 |
| 500 ## - GENERAL NOTE | |
| General note | |
| 700 ## - ADDED ENTRY--PERSONAL NAME | |
| Personal name | राउत, केतन |
| 9 (RLIN) | 30566 |
| 700 ## - ADDED ENTRY--PERSONAL NAME | |
| Personal name | चौधरी, मनीषा |
| 9 (RLIN) | 30567 |
| 700 ## - ADDED ENTRY--PERSONAL NAME | |
| Personal name | सुहानेक, टीना |
| 9 (RLIN) | 30568 |
| 942 ## - ADDED ENTRY ELEMENTS (KOHA) | |
| Source of classification or shelving scheme | Dewey Decimal Classification |
| Item type | Children Books |
| Call number suffix | राणेऊ |
| Classification part | क |
| Withdrawn status | Lost status | Not for loan | Collection code | Home library | Current library | Date acquired | Source of acquisition | Cost, normal purchase price | Full call number | Barcode | Copy number | Cost, replacement price | Koha item type |
|---|---|---|---|---|---|---|---|---|---|---|---|---|---|
| Written-off vide DLB M. No. 383 dt 16.05.19 | Fiction | Central Library | Central Library | 04/08/2011 | ब्लयूबेरी /6364/25.3.2011/83/21.3.11/31.3.11 | 20.00 | क राणेऊ | B-436158 | 1 | 20.00 | Children Books | ||
| Fiction | Karol Bagh | Karol Bagh | 04/08/2011 | ब्लयूबेरी /6364/25.3.2011/83/21.3.11/31.3.11 | 20.00 | क राणेऊ | B-436161 | 1 | 20.00 | Children Books | |||
| Written-off vide DLB M. No. 383 dt 16.05.19 | Fiction | Patel Nagar | Patel Nagar | 04/08/2011 | ब्लयूबेरी /6364/25.3.2011/83/21.3.11/31.3.11 | 20.00 | क राणेऊ | B-436159 | 1 | 20.00 | Children Books | ||
| Written-off vide DLB M. No. 383 dt 16.05.19 | Fiction | Sarojini Nagar | Sarojini Nagar | 04/08/2011 | ब्लयूबेरी /6364/25.3.2011/83/21.3.11/31.3.11 | 20.00 | क राणेऊ | B-436160 | 1 | 20.00 | Children Books | ||
| Lost and Paid For | Fiction | Shahdara Branch | Shahdara Branch | 04/08/2011 | ब्लयूबेरी /6364/25.3.2011/83/21.3.11/31.3.11 | 20.00 | क राणेऊ | B-436162 | 1 | 20.00 | Children Books |
